00506nam a22001812 4500001001100000005001700011008004100028020001700069040001500086100003000101245007800131250001300209260003100222300001200253650002600265700003000291852000300321000001997620151217152205.0110415s xx 000 0 eng d a9966706933 : aKABUcKABU1 aMwangi, J. N.@000018000910aHow to start & manage your own business /cJ. N. Mwangi and M. O. Omollo. a1st ed. aNairobi :bQueenex,c2007. a131 p. 0aBusiness.@00001499561 aOmollo, M. O.@00001800101